<?xml version="1.0" encoding="UTF-8"?>
<record
    xmlns:xsi="http://www.w3.org/2001/XMLSchema-instance"
    xsi:schemaLocation="http://www.loc.gov/MARC21/slim http://www.loc.gov/standards/marcxml/schema/MARC21slim.xsd"
    xmlns="http://www.loc.gov/MARC21/slim">

  <leader>01848cam a2200517 a 4500</leader>
  <datafield tag="999" ind1=" " ind2=" ">
    <subfield code="c">22849</subfield>
    <subfield code="d">22849</subfield>
  </datafield>
  <controlfield tag="001">vtls010593064</controlfield>
  <controlfield tag="005">20200129130040.0</controlfield>
  <controlfield tag="008">160429s2014    xr     f f    000 0 slo  </controlfield>
  <datafield tag="020" ind1=" " ind2=" ">
    <subfield code="a">9788072525072 (bro&#x17E;.)</subfield>
  </datafield>
  <datafield tag="035" ind1=" " ind2=" ">
    <subfield code="a">6C822D71-8A9B-4FA5-8D8B-7287FBF4907E</subfield>
  </datafield>
  <datafield tag="035" ind1=" " ind2=" ">
    <subfield code="a">urn:nbn:sk:snk-amkcew</subfield>
  </datafield>
  <datafield tag="035" ind1=" " ind2=" ">
    <subfield code="a">urn:nbn:sk:snk-am0089nx</subfield>
  </datafield>
  <datafield tag="040" ind1=" " ind2=" ">
    <subfield code="a">PPPK</subfield>
    <subfield code="b">slo</subfield>
    <subfield code="c">PPPK</subfield>
    <subfield code="d">SNK</subfield>
    <subfield code="e">AACR2</subfield>
  </datafield>
  <datafield tag="041" ind1="1" ind2=" ">
    <subfield code="a">slo</subfield>
    <subfield code="h">eng</subfield>
  </datafield>
  <datafield tag="044" ind1=" " ind2=" ">
    <subfield code="a">xr</subfield>
    <subfield code="c">CZ</subfield>
  </datafield>
  <datafield tag="072" ind1=" " ind2="7">
    <subfield code="a">37</subfield>
    <subfield code="x">V&#xFD;chova a vzdel&#xE1;vanie</subfield>
    <subfield code="2">konspekt</subfield>
  </datafield>
  <datafield tag="072" ind1=" " ind2="7">
    <subfield code="a">159.9</subfield>
    <subfield code="x">Psychol&#xF3;gia</subfield>
    <subfield code="2">konspekt</subfield>
  </datafield>
  <datafield tag="080" ind1=" " ind2=" ">
    <subfield code="a">37.03-053.2</subfield>
    <subfield code="2">2001</subfield>
  </datafield>
  <datafield tag="080" ind1=" " ind2=" ">
    <subfield code="a">173.5/.7</subfield>
    <subfield code="2">2001</subfield>
  </datafield>
  <datafield tag="080" ind1=" " ind2=" ">
    <subfield code="a">159.923.5</subfield>
    <subfield code="2">2001</subfield>
  </datafield>
  <datafield tag="080" ind1=" " ind2=" ">
    <subfield code="a">159.923.2</subfield>
    <subfield code="2">2001</subfield>
  </datafield>
  <datafield tag="080" ind1=" " ind2=" ">
    <subfield code="a">(035)</subfield>
    <subfield code="2">2001</subfield>
  </datafield>
  <datafield tag="100" ind1="1" ind2=" ">
    <subfield code="a">Aldort, Naomi</subfield>
    <subfield code="9">1640</subfield>
  </datafield>
  <datafield tag="240" ind1="1" ind2="0">
    <subfield code="a">Raising our children</subfield>
    <subfield code="l">Slovensky</subfield>
  </datafield>
  <datafield tag="245" ind1="1" ind2="0">
    <subfield code="a">Vychov&#xE1;vame deti a rastieme s nimi</subfield>
    <subfield code="b">[od nedorozumen&#xED; a pokarhan&#xED; k slobode, rozvoju a radosti : pre rodi&#x10D;ov mal&#xFD;ch i ve&#x13E;k&#xFD;ch det&#xED;]</subfield>
    <subfield code="c">Naomi Aldortov&#xE1; ; [do sloven&#x10D;iny prelo&#x17E;il Martin Kone&#x10D;n&#xFD;]</subfield>
  </datafield>
  <datafield tag="246" ind1="3" ind2="0">
    <subfield code="a">Od nedorozumen&#xED; a pokarhan&#xED; k slobode, rozvoju a radosti</subfield>
  </datafield>
  <datafield tag="246" ind1="3" ind2="0">
    <subfield code="a">Pre rodi&#x10D;ov mal&#xFD;ch i ve&#x13E;k&#xFD;ch</subfield>
  </datafield>
  <datafield tag="250" ind1=" " ind2=" ">
    <subfield code="a">1. vyd.</subfield>
  </datafield>
  <datafield tag="260" ind1=" " ind2=" ">
    <subfield code="a">Praha</subfield>
    <subfield code="b">Pr&#xE1;h</subfield>
    <subfield code="c">2014</subfield>
  </datafield>
  <datafield tag="300" ind1=" " ind2=" ">
    <subfield code="a">233 s.</subfield>
    <subfield code="c">21 cm</subfield>
  </datafield>
  <datafield tag="650" ind1="0" ind2="7">
    <subfield code="a">v&#xFD;chova die&#x165;a&#x165;a</subfield>
    <subfield code="2">SNKPH</subfield>
    <subfield code="9">1598</subfield>
  </datafield>
  <datafield tag="650" ind1="0" ind2="7">
    <subfield code="a">rodi&#x10D;ia a deti</subfield>
    <subfield code="2">SNKPH</subfield>
    <subfield code="9">1600</subfield>
  </datafield>
  <datafield tag="650" ind1="0" ind2="7">
    <subfield code="a">rozvoj osobnosti</subfield>
    <subfield code="2">SNKPH</subfield>
    <subfield code="9">1641</subfield>
  </datafield>
  <datafield tag="650" ind1="0" ind2="7">
    <subfield code="a">sebad&#xF4;vera</subfield>
    <subfield code="2">SNKPH</subfield>
    <subfield code="9">1642</subfield>
  </datafield>
  <datafield tag="650" ind1="0" ind2="7">
    <subfield code="a">sebavedomie</subfield>
    <subfield code="2">SNKPH</subfield>
    <subfield code="9">1643</subfield>
  </datafield>
  <datafield tag="650" ind1="0" ind2="7">
    <subfield code="a">Child rearing</subfield>
    <subfield code="2">SNKPHeng</subfield>
    <subfield code="9">1606</subfield>
  </datafield>
  <datafield tag="650" ind1="0" ind2="7">
    <subfield code="a">Parents and children</subfield>
    <subfield code="2">SNKPHeng</subfield>
    <subfield code="9">1604</subfield>
  </datafield>
  <datafield tag="650" ind1="0" ind2="7">
    <subfield code="a">Personality development</subfield>
    <subfield code="2">SNKPHeng</subfield>
    <subfield code="9">1644</subfield>
  </datafield>
  <datafield tag="650" ind1="0" ind2="7">
    <subfield code="a">Self-reliance</subfield>
    <subfield code="2">SNKPHeng</subfield>
    <subfield code="9">1645</subfield>
  </datafield>
  <datafield tag="650" ind1="0" ind2="7">
    <subfield code="a">Self-confidence</subfield>
    <subfield code="2">SNKPHeng</subfield>
    <subfield code="9">1646</subfield>
  </datafield>
  <datafield tag="655" ind1=" " ind2="7">
    <subfield code="a">pr&#xED;ru&#x10D;ky</subfield>
    <subfield code="2">SNKPH</subfield>
    <subfield code="9">1541</subfield>
  </datafield>
  <datafield tag="655" ind1=" " ind2="7">
    <subfield code="a">Handbooks, manuals, etc.</subfield>
    <subfield code="2">SNKPheng</subfield>
    <subfield code="9">1630</subfield>
  </datafield>
  <datafield tag="700" ind1="1" ind2=" ">
    <subfield code="a">Kone&#x10D;n&#xFD;, Martin</subfield>
    <subfield code="4">trl</subfield>
    <subfield code="9">1647</subfield>
  </datafield>
  <datafield tag="958" ind1=" " ind2=" ">
    <subfield code="a">ZS</subfield>
  </datafield>
  <datafield tag="958" ind1=" " ind2=" ">
    <subfield code="a">OP</subfield>
  </datafield>
  <datafield tag="952" ind1=" " ind2=" ">
    <subfield code="0">0</subfield>
    <subfield code="1">0</subfield>
    <subfield code="2">udc</subfield>
    <subfield code="4">0</subfield>
    <subfield code="7">0</subfield>
    <subfield code="8">K</subfield>
    <subfield code="a">10000</subfield>
    <subfield code="b">10000</subfield>
    <subfield code="d">2020-01-29</subfield>
    <subfield code="i">21200</subfield>
    <subfield code="l">1</subfield>
    <subfield code="m">1</subfield>
    <subfield code="o">I1850</subfield>
    <subfield code="p">I1850</subfield>
    <subfield code="r">2026-04-21</subfield>
    <subfield code="s">2025-11-18</subfield>
    <subfield code="w">2020-01-29</subfield>
    <subfield code="y">OLDO</subfield>
  </datafield>
</record>
